Visualizzazione normale
Vista MARC
- Lichtman M.
di Personal Name
Records bibliografici associati: 1
001 - CONTROL NUMBER
- control field: 24699
003 - CONTROL NUMBER IDENTIFIER
- control field: IT-RoPau
005 - DATE AND TIME OF LATEST TRANSACTION
- control field: 20140512211105.0
008 - FIXED-LENGTH DATA ELEMENTS
- fixed length control field: 140512|| aca||aabn | a|a d
040 ## - CATALOGING SOURCE
- Original cataloging agency: IT-RoPau
- Transcribing agency: IT-RoPau
100 ## - HEADING--PERSONAL NAME
- Personal name: Lichtman M.
- Miscellaneous information: Codice autore musica SPICS: 25420
- Relator term: Autore musica
- Name of part/section of a work: Inna Niz Wszystkie
670 ## - SOURCE DATA FOUND
- Source citation: Work cat.: (IT-RoPau)99737: AA.VV. 794, Przeboje (Lp Pronit Plp 0032)